000
00233nam a2200097Ia 4500
008
240331s9999 xx 000 0 und d
082
_b
WOM
100
_a
Yogoslavia Collection. ed
245
0
_a
Women living under muslim laws
942
_c
L
999
_c
2830
_d
2830